Movies Quiz

Random Movies Quiz

Studio Ghibli Films Quiz Stats

 Plays Quiz not verified by Sporcle

Score 0/15 Timer 10:00
0 Plays Today
% Correct
Howl's Moving Castle
98.1%
Castle in the Sky
97.4%
The Cat Returns
96.6%
Kiki's Delivery Service
95.3%
Grave of the Fireflies
94.4%
My Neighbour Totoro
94.2%
Spirited Away
93.1%
Princess Mononoke
92.7%
% Correct
Ponyo
92.5%
Porco Rosso
91.6%
Nausicaa of the Valley of the Wind
91.4%
The Secret World of Arietty
91%
Grave of the Fireflies
89.5%
Tales from Earthsea
80.7%
The Wind Rises
78.5%

You're not logged in!

Compare scores with friends on all Sporcle quizzes.
OR
Log In

Sporcle TV

Today on Sporcle TV


Watch our educational content, quiz creation guides, and fun videos on Sporcle TV.

Show Comments

Extras

Created Jan 10, 2015ReportNominate
Tags:Studio Ghibli

Top Quizzes Today


Score Distribution

Your Account Isn't Verified!

In order to create a playlist on Sporcle, you need to verify the email address you used during registration. Go to your Sporcle Settings to finish the process.

Report this User

Report this user for behavior that violates our Community Guidelines.

Details: